| 000 -LEADER |
| fixed length control field |
02470mam a22003254a 4500 |
| 001 - CONTROL NUMBER |
| control field |
3437293 |
| 003 - CONTROL NUMBER IDENTIFIER |
| control field |
ASAB |
| 005 - DATE AND TIME OF LATEST TRANSACTION |
| control field |
20180827062623.0 |
| 008 - FIXED-LENGTH DATA ELEMENTS--GENERAL INFORMATION |
| fixed length control field |
020628s2003 njua b 001 0 eng |
| 010 ## - LIBRARY OF CONGRESS CONTROL NUMBER |
| LC control number |
2002027288 |
| 015 ## - NATIONAL BIBLIOGRAPHY NUMBER |
| National bibliography number |
GBA2-T6419 |
| 020 ## - INTERNATIONAL STANDARD BOOK NUMBER |
| International Standard Book Number |
81-7663-002-0 |
| 040 ## - CATALOGING SOURCE |
| Original cataloging agency |
DLC |
| Transcribing agency |
ASAB |
| Modifying agency |
YDX |
| -- |
UKM |
| -- |
OrLoB-B |
| 042 ## - AUTHENTICATION CODE |
| Authentication code |
pcc |
| 050 00 - LIBRARY OF CONGRESS CALL NUMBER |
| Classification number |
RC268.4 |
| Item number |
.C349 2003 |
| 082 00 - DEWEY DECIMAL CLASSIFICATION NUMBER |
| Classification number |
576 |
| Edition number |
21 |
| 100 ## - MAIN ENTRY--PERSONAL NAME |
| Personal name |
Ganesh Prasad |
| 9 (RLIN) |
1637 |
| 210 ## - ABBREVIATED TITLE |
| Source |
cytogen |
| 245 00 - TITLE STATEMENT |
| Title |
Cytogenetics : |
| Statement of responsibility, etc. |
by Ganesh Prasad |
| 300 ## - PHYSICAL DESCRIPTION |
| Extent |
xi, 556 p. : |
| Other physical details |
ill. (some col.) ; |
| Dimensions |
24 cm. |
| 490 1# - SERIES STATEMENT |
| Series statement |
Methods in molecular biology ; |
| Volume/sequential designation |
220 |
| 504 ## - BIBLIOGRAPHY, ETC. NOTE |
| Bibliography, etc. note |
Includes bibliographical references and index. |
| 505 00 - FORMATTED CONTENTS NOTE |
| Miscellaneous information |
1. |
| Title |
Introduction / |
| Statement of responsibility |
John Swansbury -- |
| Miscellaneous information |
2. |
| Title |
Cytogenetic Studies in Hematologic Malignancies: An Overview / |
| Statement of responsibility |
John Swansbury -- |
| Miscellaneous information |
3. |
| Title |
The Myeloid Disorders: Background / |
| Statement of responsibility |
John Swansbury -- |
| Miscellaneous information |
4. |
| Title |
Cytogenetic Techniques for Myeloid Disorders / |
| Statement of responsibility |
John Swansbury -- |
| Miscellaneous information |
5. |
| Title |
Acute Lymphoblastic Leukemia: Background / |
| Statement of responsibility |
John Swansbury -- |
| Miscellaneous information |
6. |
| Title |
Conventional Cytogenetic Techniques in the Diagnosis of Childhood Acute Lymphoblastic Leukemia / |
| Statement of responsibility |
Susana C. Raimondi and Susan Mathew -- |
| Miscellaneous information |
7. |
| Title |
Chromosome Preparations from Bone Marrow in Acute Lymphoblastic Leukemia: Cytogenetic Techniques / |
| Statement of responsibility |
Ann Watmore -- |
| Miscellaneous information |
8. |
| Title |
Lymphoid Disorders Other than Common Acute Lymphoblastic Leukemia: Background / |
| Statement of responsibility |
John Swansbury -- |
| Miscellaneous information |
9. |
| Title |
Other Lymphoid Malignancies: Cytogenetic Techniques / |
| Statement of responsibility |
John Swansbury -- |
| Miscellaneous information |
10. |
| Title |
Cytogenetic and Genetic Studies in Solid Tumors: Background / |
| Statement of responsibility |
John Swansbury -- |
| Miscellaneous information |
11. |
| Title |
Human Solid Tumors: Cytogenetic Techniques / |
| Statement of responsibility |
Pietro Polito, Paola Dal Cin, Maria Debiec-Rychter and Anne Hagemeijer -- |
| 505 80 - FORMATTED CONTENTS NOTE |
| Miscellaneous information |
12. |
| Title |
Analysis and Interpretations of Cytogenetic Findings in Malignancies / |
| Statement of responsibility |
John Swansbury -- |
| Miscellaneous information |
13. |
| Title |
Cytogenetic Studies Using FISH: Background / |
| Statement of responsibility |
Toon Min and John Swansbury -- |
| Miscellaneous information |
14. |
| Title |
FISH Techniqes / |
| Statement of responsibility |
Toon Min -- |
| Miscellaneous information |
15. |
| Title |
FISH, CGH, and SKY in the Diagnosis of Childhood Acute Lymphoblastic Leukemia / |
| Statement of responsibility |
Susan Mathew and Susana C. Raimondi -- |
| Miscellaneous information |
16. |
| Title |
Solving Problems in Multiplex FISH / |
| Statement of responsibility |
Jon C. Strefford -- |
| Miscellaneous information |
17. |
| Title |
Some Difficult Choices in Cytogenetics / |
| Statement of responsibility |
John Swansbury -- |
| Miscellaneous information |
18. |
| Title |
Introduction to the Analysis of the Human G-Banded Karyotype / |
| Statement of responsibility |
John Swansbury. |
| 650 #0 - SUBJECT ADDED ENTRY--TOPICAL TERM |
| Topical term or geographic name entry element |
Cancer |
| General subdivision |
Genetic aspects |
| Form subdivision |
Laboratory manuals. |
| 9 (RLIN) |
1638 |
| 700 1# - ADDED ENTRY--PERSONAL NAME |
| Personal name |
Swansbury, John. |
| 9 (RLIN) |
1639 |
| 830 #0 - SERIES ADDED ENTRY--UNIFORM TITLE |
| Uniform title |
Methods in molecular biology ; |
| Volume/sequential designation |
v. 220. |
| 9 (RLIN) |
1640 |
| 900 ## - EQUIVALENCE OR CROSS-REFERENCE-PERSONAL NAME [LOCAL, CANADA] |
| Numeration |
TOC |
| 942 ## - ADDED ENTRY ELEMENTS (KOHA) |
| Source of classification or shelving scheme |
|
| Koha item type |
Book |